<?xml version="1.0" encoding="UTF-8"?>
<record
    xmlns:xsi="http://www.w3.org/2001/XMLSchema-instance"
    xsi:schemaLocation="http://www.loc.gov/MARC21/slim http://www.loc.gov/standards/marcxml/schema/MARC21slim.xsd"
    xmlns="http://www.loc.gov/MARC21/slim">

  <leader>00290nam a22001217a 4500</leader>
  <datafield tag="040" ind1=" " ind2=" ">
    <subfield code="c">HS</subfield>
  </datafield>
  <datafield tag="082" ind1=" " ind2=" ">
    <subfield code="a">664</subfield>
  </datafield>
  <datafield tag="100" ind1=" " ind2=" ">
    <subfield code="a">&#x17A0;&#x17CA;&#x1793;&#x17CB;&#x200B; &#x17A0;&#x17C0;&#x1780;</subfield>
  </datafield>
  <datafield tag="245" ind1=" " ind2=" ">
    <subfield code="a">Blood , lymphatic , and cardiovascular systems</subfield>
  </datafield>
  <datafield tag="260" ind1=" " ind2=" ">
    <subfield code="a">NA</subfield>
    <subfield code="b">&#x17A0;&#x17CA;&#x1793;&#x17CB;&#x200B; &#x17A0;&#x17C0;&#x1780;</subfield>
    <subfield code="c">NA</subfield>
  </datafield>
  <datafield tag="300" ind1=" " ind2=" ">
    <subfield code="a">287p;</subfield>
  </datafield>
  <datafield tag="942" ind1=" " ind2=" ">
    <subfield code="c">EK</subfield>
  </datafield>
  <datafield tag="999" ind1=" " ind2=" ">
    <subfield code="c">10219</subfield>
    <subfield code="d">10219</subfield>
  </datafield>
  <datafield tag="952" ind1=" " ind2=" ">
    <subfield code="0">0</subfield>
    <subfield code="1">0</subfield>
    <subfield code="4">0</subfield>
    <subfield code="6">664_000000000000000_&#x17A0;&#x1793;_NA_C245</subfield>
    <subfield code="7">0</subfield>
    <subfield code="9">52706</subfield>
    <subfield code="a">LBC</subfield>
    <subfield code="b">LBC</subfield>
    <subfield code="c">C245</subfield>
    <subfield code="d">2016-09-22</subfield>
    <subfield code="o">664 &#x17A0;&#x17CA;&#x1793;&#x17CB;&#x200B; NA C245</subfield>
    <subfield code="p">RUA41666</subfield>
    <subfield code="r">2016-09-22</subfield>
    <subfield code="y">EK</subfield>
  </datafield>
</record>
